| 000 | 01312cam a2200301 a 4500 | ||
|---|---|---|---|
| 001 | 32761 | ||
| 005 | 20230410105315.0 | ||
| 008 | 920827s1991 ve b i100 0 spa | ||
| 035 | _9(DLC) 92206389 | ||
| 035 | _a2042502 | ||
| 942 |
_2lcc _cbk |
||
| 010 | _a92206389 | ||
| 020 | _a9803170023 | ||
| 040 |
_aDLC _cDLC |
||
| 043 | _acl----- | ||
| 050 | 1 | 4 |
_aH 61 _bM689 1991 |
| 082 | 0 | 0 |
_a300/.98 _220 |
| 245 | 0 | 0 |
_aModernidad y universalismo / _cEdgardo Lander, editor. |
| 260 |
_aCaracas, Venezuela : _bRectorado de la Universidad Central de Venezuela : _bUnesco : _bEditorial Nueva Sociedad, _c1991. |
||
| 300 |
_a186 p. ; _c23 cm. |
||
| 440 | 0 |
_aPensamiento crítico, un diálogo interregional ; _v1 |
|
| 500 | _a"... parte deste volumen tienen su origen en el Seminario 'Diálogo interregional sobre desarrollo, democracia y pensamiento crítico" que se realizó en la Colonia Tovar (Estado Aragua, Venezuela, entre el 1 y el 5 de octubre de 1990)"--P. [4] of cover. | ||
| 504 | _aIncludes bibliographical references (p. [179]-184). | ||
| 650 | 0 |
_aSocial sciences _zLatin America _xPhilosophy _xCongresses. |
|
| 700 | 1 | _aLander, Edgardo. | |
| 711 | 2 |
_aSeminario "Diálogo Interregional sobre Desarrollo, Democracia y Pensamiento Crítico _d(1990 : _cColonia Tovar, Aragua, Venezuela) |
|
| 922 | _aax | ||
| 999 |
_c34089 _d34089 |
||